000 00840nas a2200289 4500
001 BR0707381
003 BR-BrBNA
005 20231205111026.0
007 ta
008 230509b bl.|||p| |||| 00| 00por d
040 _aBR-BrBNA
_bpor
_cBiblioteca Nacional de Agricultura
041 _a(Pt)
072 _aQ02; Q04
100 1 _aAssis, M.M.M.
100 1 _aMaia, G.A.
100 1 _aFigueiredo, E.A.T. de
100 1 _aFigueiredo, R.W. de
100 1 _aMonteiro, J.C.S.
245 1 _aProcessamento e estabilidade de geléia de caju
650 _aGELÉIA
650 _aCAJU
650 _aPROCESSAMENTO
650 _aANÁLISE ORGANOLEPTICA
773 0 _tRevista Ciência Agronômica (Brazil)
_xISSN 0045-6888
_g(Jan-Mar 2007), v. 38(1) p. 46-51
_wBR0707381
909 _a202311
_bLúcia
_c55
_dLúcia Elande
942 _2AGRIS
_n0
_cANA
999 _c190247
_d190247